| 000 | 00782nam a22002057a 4500 | ||
|---|---|---|---|
| 999 |
_c17876 _d17876 |
||
| 003 | AR-CdUCM | ||
| 008 | 190510b ||||| |||| 00| 0 spa d | ||
| 040 |
_aMUNICIPALIDAD PROVINCIAL DEL CUSCO _cBIBLIOTECA MUNICIPAL DEL CUSCO |
||
| 082 |
_a985.611 / _bC18 |
||
| 100 |
_aCalvo C., Rossano _95422 |
||
| 245 |
_aCrónicas urbanas y el cusqueñismo : _b1900 - 1955 / |
||
| 260 |
_aCusco : _bMercantil, _c1996. |
||
| 300 |
_a128 páginas ; _bFotografías, _c20 cm. |
||
| 505 | _aContenido: Sobre la creación del día del Cusco -- De la comida y bebida tradicional -- De la costumbre tradicional cusqueña... | ||
| 650 |
_aCostumbre cusqueña _938081 |
||
| 650 |
_aComida cusqueña _938082 |
||
| 650 |
_aCreación del Cusco _938083 |
||
| 942 |
_2ddc _cLIBROS |
||
| 945 |
_adavv _d2019-05-10 |
||